000
00270nam a22001217a 4500
008
181015b xxu||||| |||| 00| 0 eng d
041
_a
eng
080
_a
510
100
_a
30
101
_a
MAT
245
_a
Graphing Calculator Manual
_c
Penna.J.A
942
_2
udc
_c
BK
999
_c
49727
_d
49727